LEADER 03009nam a2200793 i 4500
001 nkc20183020752
003 CZ PrNK
005 20260128135915.0
007 ta
008 180816s2017 xr e 000 0acze
015 |a cnb003020752 
020 |a 978-80-7515-076-9  |q (vázáno)  |z 978-80-7515-76-9 
035 |a (OCoLC)1078648497 
040 |a OLA001  |b cze  |d ABA001  |e rda 
041 1 |a cze  |h rus 
043 |a e-ru---  |a e-ur--- 
045 |a x2y1 
072 7 |a 821.161.1  |x Ruská literatura, rusky psaná  |2 Konspekt  |9 25 
072 7 |a 929  |x Biografie  |2 Konspekt  |9 8 
080 |a 821.161.1-31  |2 MRF 
080 |a 792.071.2-055.2  |2 MRF 
080 |a 792.01/.09.072.2-055.2  |2 MRF 
080 |a 929  |2 MRF 
080 |a 323.28-055.2  |2 MRF 
080 |a 323.28  |2 MRF 
080 |a 343.819  |2 MRF 
080 |a 328/329  |2 MRF 
080 |a (470+571)  |2 MRF 
080 |a (47+57)  |2 MRF 
080 |a (0:82-312.6)  |2 MRF 
080 |a (0:82-311.6)  |2 MRF 
100 1 |a Petkevič, Tamara Vladislavovna,  |d 1920-2017  |7 xx0101277  |4 aut 
240 1 0 |a Žizn' - sapožok neparnyj.  |l Česky 
245 1 0 |a Bolest si věk nevybírá /  |c Tamara Petkevičová ; přeložila Alena Machoninová 
250 |a Vydání první 
264 1 |a Praha :  |b G + G,  |c 2017 
300 |a 595 stran ;  |c 21 cm 
336 |a text  |b txt  |2 rdacontent 
337 |a bez média  |b n  |2 rdamedia 
338 |a svazek  |b nc  |2 rdacarrier 
500 |a Přeloženo z ruštiny 
504 |a Obsahuje bibliografické odkazy 
600 1 7 |a Petkevič, Tamara Vladislavovna,  |d 1920-2017  |7 xx0101277  |2 czenas 
648 7 |a 20.-21. století  |7 ch462155  |2 czenas 
650 0 7 |a divadelní herečky  |7 ph119498  |z Rusko  |y 20.-21. století  |2 czenas 
650 0 7 |a teatroložky  |7 ph565274  |z Rusko  |y 20.-21. století  |2 czenas 
650 0 7 |a politické vězeňkyně  |7 ph316347  |z Sovětský svaz  |2 czenas 
650 0 7 |a politická perzekuce  |7 ph124236  |z Sovětský svaz  |2 czenas 
650 0 7 |a pracovní tábory  |7 ph115874  |z Sovětský svaz  |2 czenas 
650 0 9 |a actresses  |z Russia  |y 20th-21st centuries  |2 eczenas 
650 0 9 |a women theatrologists  |z Russia  |y 20th-21st centuries  |2 eczenas 
650 0 9 |a women political prisoners  |z Soviet Union  |2 eczenas 
650 0 9 |a political persecution  |z Soviet Union  |2 eczenas 
650 0 9 |a forced labour camps  |z Soviet Union  |2 eczenas 
651 7 |a Sovětský svaz  |7 ge128583  |x politika a vláda  |2 czenas 
651 9 |a Soviet Union  |x politics and government  |2 eczenas 
655 7 |a ruské romány  |7 fd133320  |2 czenas 
655 7 |a autobiografické romány  |7 fd131852  |2 czenas 
655 7 |a politické romány  |7 fd133064  |2 czenas 
655 9 |a Russian fiction  |2 eczenas 
655 9 |a autobiographical novels  |2 eczenas 
655 9 |a political novels  |2 eczenas 
700 1 |a Machoninová, Alena,  |d 1980-  |7 xx0049081  |4 trl 
910 2 |a BOA001  |b 2-1411.526 
928 9 |a Baobab&GplusG 
990 |a BK 
995 |a 01 
991 |b 201808  |c NOV 
996 6 |b 2610751361  |c 2-1411.526  |l MZK  |r Sklad / do 1 hodiny  |n 1  |p p.v.  |w 001678961  |u 000010  |a 1  |e BOA001  |j MZK50  |s P